[Event "Salon de Provence op 4th"]
[Site "Salon de Provence"]
[Date "2009.04.27"]
[Round "6"]
[White "Ayala, Benjamin"]
[Black "Person, Claude"]
[Result "1-0"]
[WhiteElo "1600"]
[BlackElo "1530"]
[PlyCount "123"]
[EventDate "2009.04.24"]
[EventType "swiss"]
[EventRounds "7"]
[EventCountry "FRA"]
[SourceTitle "EXT 2010"]
[Source "ChessBase"]
[SourceDate "2010.11.25"]
[SourceVersion "1"]
[SourceVersionDate "2010.11.25"]
[SourceQuality "1"]

1. e4 d6 2. Bc4 Bd7 3. c3 b5 4. Bd5 c6 5. Bb3 e6 6. Nf3 e5 7. d4 Bg4 8. dxe5 Be7 9. Bf4 g5 10. Bg3 dxe5 11. Qxd8+ Bxd8 12. Bxf7+ Kxf7 13. Nxe5+ Ke6 14. Nxg4 Nd7 15. 0-0 h5 16. Ne3 h4 17. Nf5 hxg3 18. Nxg3 Bb6 19. Ne2 Ngf6 20. Nd2 Ng4 21. Nf3 Rag8 22. h3 Ngf6 23. Ned4+ Bxd4 24. Nxd4+ Kd6 25. f3 a6 26. Rad1 Re8 27. Nxb5+ Kc5 28. Nd4 Nh5 29. Nb3+ Kb6 30. Rxd7 Nf4 31. Rg7 Ne6 32. Rg6 c5 33. Rd1 Kc7 34. Rd5 c4 35. Nd2 Nf4 36. Rg7+ Kc6 37. Rdxg5 Ne6 38. R7g6 Kb7 39. Re5 Nf4 40. Rxe8 Rxe8 41. Rg7+ Kc6 42. Nxc4 Ne6 43. Rg6 Kc5 44. Ne3 Kb5 45. g3 a5 46. h4 Kc5 47. h5 Kb5 48. h6 Nc5 49. Rg5 Rh8 50. Rh5 Rh7 51. b4 axb4 52. cxb4 Kxb4 53. Nd5+ Kc4 54. Nf6 Rf7 55. h7 Rxf6 56. h8Q Rxf3 57. Qg8+ Kb5 58. a4+ Kb4 59. Qb8+ Kc4 60. Qb5+ Kd4 61. Qxc5+ Kxe4 62. Qd5+ 1-0